Shakira Songs - Statistics

General Stats
  • This quiz has been taken 159 times
  • The average score is 5 of 11
Answer Stats
Year Song Other Featured Artist % Correct
2006 Hip's Don't Lie Wyclef Jean
91%
2016 Chantaje Maluma
76%
2010 Loca El Cata
70%
2005 La Tortura Alejandro Sanz
67%
2001 Whenever, Wherever
63%
2009 Loba
30%
1998 Ciega, Sordomuda
26%
2015 Mi Verdad Mana
24%
2007 Te Lo Agradezco, Pero No Alejandro Sanz
19%
1999 Tu
16%
2003 Que Me Quedes Tu
13%
No matching quizzes found
Score Distribution
Percent of People with Each Score
Percentile by Number Answered
Your Score History
You have not taken this quiz